Personnages fictifs commençant par la lettre E - Statistiques

Statistiques générales
  • Ce quiz a été pris 75 fois
  • Le résultat moyen est 10 sur 23
Statistiques - réponses
Par images Réponse % Correct
E.T
94%
Ed
90%
Elsa
88%
Esmeralda
81%
Eve
69%
Esteban
61%
Edna
58%
Eleven
54%
Eric
54%
Edward Cullen
51%
Elastigirl
50%
Elizabeth Swann
44%
Edgar
42%
Elmer
39%
Elrond
35%
Ellie
25%
Eddie
24%
Emile
19%
Ernesto de la Cruz
18%
Edith
15%
Eloïse Bridgerton
15%
Edmund Pevensie
13%
Elmer Fudd
6%
Aucun quiz correspondant
Distribution des résultats
% des personnes avec chaque résultat
Percentile par nombre de réponses
Votre historique - résultats
Vous n’avez pas pris ce quiz